Grandpa's face / (Record no. 113546)
[ view plain ]
| 000 -LEADER | |
|---|---|
| fixed length control field | 00739nam a2200193 a 4500 |
| 001 - CONTROL NUMBER | |
| control field | 2785 |
| 005 - DATE AND TIME OF LATEST TRANSACTION | |
| control field | 20140414132025.0 |
| 008 - FIXED-LENGTH DATA ELEMENTS--GENERAL INFORMATION | |
| fixed length control field | 051020s19uu xx 00 eng d |
| 020 ## - INTERNATIONAL STANDARD BOOK NUMBER | |
| International Standard Book Number | 0-698-11381-0 |
| 050 ## - LIBRARY OF CONGRESS CALL NUMBER | |
| Classification number | TR |
| Item number | G75 1988 |
| 100 ## - MAIN ENTRY--PERSONAL NAME | |
| Personal name | Greenfield, Eloise |
| 245 ## - TITLE STATEMENT | |
| Title | Grandpa's face / |
| Statement of responsibility, etc | Eloise Greenfield ; illustrated by Floyd Cooper. |
| 260 ## - PUBLICATION, DISTRIBUTION, ETC. (IMPRINT) | |
| Place of publication, distribution, etc | New York : |
| Name of publisher, distributor, etc | The Putnam & Grosset Group, |
| Date of publication, distribution, etc | 1988. |
| 300 ## - PHYSICAL DESCRIPTION | |
| Extent | 1 v. p. : ill. ; cm. |
| 520 ## - SUMMARY, ETC. | |
| Summary, etc | Seeing her beloved grandfather making a mean face while rehearses for one of his plays, Tamika becomes afraid that someday she will lose his love and he will make a mean face at her. |
| 650 ## - SUBJECT ADDED ENTRY--TOPICAL TERM | |
| Topical term or geographic name as entry element | Grandfathers |
| General subdivision | Fiction. |
| 650 ## - SUBJECT ADDED ENTRY--TOPICAL TERM | |
| Topical term or geographic name as entry element | Actors and actress |
| General subdivision | Fiction. |
| Withdrawn status | Lost status | Damaged status | Use restrictions | Home library | Current library | Shelving location | Date acquired | Source of acquisition | Total Checkouts | Full call number | Barcode | Date last seen | Price effective from | Koha item type |
|---|---|---|---|---|---|---|---|---|---|---|---|---|---|---|
| Munich Library | Munich Library | Teachers Reference Section | 10/20/2005 | TR G75 1988 | M5129 | 04/14/2014 | 04/14/2014 | Books |